书目信息 |
| 题名: |
活动·力量
|
|
| 作者: | 郭玉琴主编 | |
| 分册: | ||
| 出版信息: | 延吉 延边大学出版社 2018 |
|
| 页数: | 279页 | |
| 开本: | 24cm | |
| 丛书名: | ||
| 单 册: | ||
| 中图分类: | D432.51 | |
| 科图分类: | ||
| 主题词: | ||
| 电子资源: | ||
| ISBN: | 978-7-5688-5063-6 | |
| 000 | 01023nam0 2200241 450 | |
| 001 | 012001008371 | |
| 005 | 20131022161128.0 | |
| 010 | @a978-7-5688-5063-6@dCNY40.00 | |
| 100 | @a20190220d2018 em y0chiy50 ea | |
| 101 | 0 | @achi |
| 102 | @aCN@b220000 | |
| 105 | @ay z 000yy | |
| 106 | @ar | |
| 200 | 1 | @a活动·力量@b专著@f郭玉琴主编 |
| 210 | @a延吉@c延边大学出版社@d2018 | |
| 215 | @a279页@d24cm | |
| 312 | @a封面英文题名:Activity · strength | |
| 330 | @a本书主要讲述的是基于小学少先队组织活动育人的目标,以品牌活动为重要载体,以体验教育为基本途径,围绕“小岗位大作为”“红领巾心向党”“礼仪伴成长”“我们爱科学”“做有道德的人”“手拉手,一起向前走”“同在阳光下”“安全伴我行”“仪式的力量”九个专题,用长程策划、综合融通的创造性思维开展系列活动的实践研究,聚焦和引领少年儿童的主动健康成长。对研究少年儿童的成长很有帮助。 | |
| 510 | 1 | @aActivity · strength@zeng |
| 601 | 02 | @x中国少年先锋队@x少年先锋队活动 |
| 690 | @aD432.51@v5 | |
| 801 | 2 | @aCN@b上海新华@c20191020 |
| 905 | @b1178378-81@dD432.51@e232@f4 | |
| 活动·力量/郭玉琴主编.-延吉:延边大学出版社,2018 |
| 279页;24cm |
| ISBN 978-7-5688-5063-6:CNY40.00 |
| 本书主要讲述的是基于小学少先队组织活动育人的目标,以品牌活动为重要载体,以体验教育为基本途径,围绕“小岗位大作为”“红领巾心向党”“礼仪伴成长”“我们爱科学”“做有道德的人”“手拉手,一起向前走”“同在阳光下”“安全伴我行”“仪式的力量”九个专题,用长程策划、综合融通的创造性思维开展系列活动的实践研究,聚焦和引领少年儿童的主动健康成长。对研究少年儿童的成长很有帮助。 |
| ● |
| 相关链接 |
|
|
|
|
正题名:活动·力量
索取号:D432.51/232
 
预约/预借
| 序号 | 登录号 | 条形码 | 馆藏地/架位号 | 状态 | 备注 |
| 1 | 1178378 | 211783783 | 第一样本阅览室/ [索取号:D432.51/232] | 在馆 | |
| 2 | 1178379 | 211783792 | 第一借阅区/ [索取号:D432.51/232] | 在馆 | |
| 3 | 1178380 | 211783809 | 第一借阅区/ [索取号:D432.51/232] | 在馆 | |
| 4 | 1178381 | 211783818 | 第一借阅区/ [索取号:D432.51/232] | 在馆 |